00470nam a2200145Ia 4500003000900000008004100009020002200050040001600072080001900088100002100107245010700128260004800235300001600283650002500299IN-BaIIA211028s9999 xx 000 0 eng d a978-0-521-55001-7 cIIA Library a530.145bWEI-I aWeinberg, Steven 4aThe quantum theory of fieldsbfoundationscSteven Weinberg  aCambridgebCambridge University Pressc1995 axxvi, 609p. aQuantum field theory